000 01528nam a2200385 c 4500
003 BLK
005 20250308114319.0
008 180409b bul|||||r ||||||| ||bul||
010 _aKNG00102715000
040 _aBLK
041 _aBUL
_cBUL
080 _aНасекоми. Insecta. Ентомология
_b595.7
_z595.7
100 1 _aТанасийчук, Виталий Николаевич
_eпърви автор
_9127476
139 _aТанасийчук, Виталий Николаевич
_bТ 28
245 1 0 _aЕнтомология в картинки
_cВиталий Николаевич Танасийчук; худож. Рубен Варшамов.
257 _aRUS
260 _bОтечество
_c1987
300 _a40 с.
_bс цв. ил.
_c34 см
380 _a5
490 1 _aПоредица Зайко Всезнайко
_9206794
500 _aОриг. загл. Энтомология в картинки / Виталий Николаевич Танасийчук. - Офс. изд. - 55 117 тир.
650 4 _aНасекоми
_9163479
653 _aнасекоми
653 _aентомология
653 _aлитература за деца
653 _aдетска литература
700 1 _aВаршамов, Рубен
_eхудож.
_945622
852 _aЦб ІІ 11674
856 4 _qpdf
856 4 _qpdf
942 _cKNG
_n0
_06
944 _aCR
_c01.01.1999
_k30542
_lРусанова Ирена
944 _aED
_c27.06.2008
999 _c97800
_d97800
999 _d97800